| 000 | 00731nam a2200241Ia 4500 | ||
|---|---|---|---|
| 005 | 20220802105120.0 | ||
| 008 | 131103s9999 xx 000 0 und d | ||
| 040 | _aLoreto College | ||
| 041 | _aEnglish | ||
| 082 |
_a551.4608 _bSHE |
||
| 100 | _aShepard, Francis P. | ||
| 245 |
_aSubmarine Geology _cFrancis P. Shepard |
||
| 250 | _a2nd edition | ||
| 260 |
_aNew York _bHarper and Row _c1963 |
||
| 300 |
_axviii, 557 p. _b ill., fig., tables |
||
| 440 | _aHarper's geoscience series | ||
| 504 | _aIncludes bibliographical references and index | ||
| 650 | _aGeology - | ||
| 651 | _aGeology - Hydrosphere and ocenography - Submarine geology - | ||
| 700 | _aCroneir, Carey (series ed.) | ||
| 850 | _aLCLIB | ||
| 942 | _cBK | ||
| 999 |
_c1064 _d51543 |
||